Informační gramotnost jako veřejný zájem, politika a norma : návod na tvorbu koncepčních dokumentů v oblasti informačního vzdělávání /
Uloženo v:
| Hlavní autor: | |
|---|---|
| Médium: | Kniha |
| Jazyk: | čeština |
| Vydáno: |
Praha :
Univerzita Karlova, nakladatelství Karolinum,
2018
|
| Vydání: | První vydání |
| Témata: | |
| ISBN: | 9788024639697 |
| On-line přístup: |
|
| Tagy: |
Přidat tag
Žádné tagy, Buďte první, kdo vytvoří štítek k tomuto záznamu!
|
MARC
| LEADER | 00000nam a2200000 4500 | ||
|---|---|---|---|
| 003 | SK-BrCVT | ||
| 005 | 20220621184257.0 | ||
| 006 | ad e 000 0 | ||
| 008 | 191119s2018 xr d e 000 0cze#d | ||
| 020 | |a 9788024639697 |q (brož.) | ||
| 035 | |a CVTIDW0072899 | ||
| 040 | |a SNK |b slo |c TTKJF |e rda |d CVTI SR | ||
| 041 | 0 | |a cze |b eng | |
| 044 | |a xr |c CZ | ||
| 080 | |a 37.031 |2 2008 | ||
| 080 | |a 004 |2 2008 | ||
| 080 | |a 316.42:004 |2 2011 | ||
| 080 | |a 316.42:004 |2 2011 | ||
| 080 | |a 37.014.5 |2 2011 | ||
| 080 | |a 37.03:024.5 |2 2011 | ||
| 080 | |a (437.3) |2 2011 | ||
| 080 | |a (048.8) |2 2011 | ||
| 100 | 1 | |a Dombrovská, Michaela, |d 1976- |4 aut | |
| 245 | 1 | 0 | |a Informační gramotnost jako veřejný zájem, politika a norma : |b návod na tvorbu koncepčních dokumentů v oblasti informačního vzdělávání / |c Michaela Dombrovská |
| 250 | |a První vydání | ||
| 260 | |a Praha : |b Univerzita Karlova, nakladatelství Karolinum, |c 2018 | ||
| 300 | |a 149 s. : |b grafy, lit., obr., tab. ; |c 24 cm | ||
| 336 | |a text |b txt |2 rdacontent | ||
| 337 | |a bez média |b n |2 rdamedia | ||
| 338 | |a zväzok |b nc |2 rdacarrier | ||
| 504 | |a Bibliografia na strane 136-146 ; bibliografické odkazy ; poznámky | ||
| 648 | 7 | |a 2011-2020 |2 SNKPH | |
| 650 | 0 | 7 | |a informačná spoločnosť |2 SNKPH |
| 650 | 0 | 7 | |a informačná politika |2 SNKPH |
| 650 | 0 | 7 | |a vzdelávacia politika |2 SNKPH |
| 650 | 0 | 7 | |a informačná výchova |2 SNKPH |
| 650 | 0 | 7 | |a informačná gramotnosť |2 SNKPH |
| 650 | 0 | 7 | |a Information society |2 SNKPHeng |
| 650 | 0 | 7 | |a Information politics |2 SNKPHeng |
| 650 | 0 | 7 | |a Educational policy |2 SNKPHeng |
| 650 | 0 | 7 | |a Information education |2 SNKPHeng |
| 650 | 0 | 7 | |a Information literacy |2 SNKPH |
| 651 | 7 | |a Česko |2 SNKPH | |
| 651 | 7 | |a Czech Republic |2 SNKPHeng | |
| 653 | 1 | |a vzdelávanie | |
| 653 | 1 | |a informatika | |
| 655 | 7 | |a odborné publikácie |2 SNKPH | |
| 655 | 7 | |a Monographs |2 SNKPHeng | |
| 852 | |a CVTISR |b 1 | ||
| 901 | |a 1 Slovenská národná knižnica Martin (SNK) |b 20191119090025 |d clas01 |u z3950.snk.sk:1111 |i vtls011844204 |m 20190723085500.0 | ||
| 910 | |b A628471 | ||
| 919 | |a 978-80-246-3969-7 | ||
| 959 | |a 02 | ||
| 974 | |a katarina.repata |f Knihy | ||
| 992 | |a AMG | ||
| 999 | |c 268843 |d 268843 | ||

